| 000 | 00632nam a22002057a 4500 | ||
|---|---|---|---|
| 001 | 37704 | ||
| 003 | BD-RjUL | ||
| 005 | 20211209052634.0 | ||
| 008 | 150207s1996 b ||||| |||| 00| 0 eng d | ||
| 035 | _a(BD-RjUL) | ||
| 040 |
_aBD-RjUL _beng _cBD-RjUL |
||
| 041 | _aeng | ||
| 082 |
_221 _a370.72 _bABH 1996 |
||
| 245 |
_aA hand book of research for the fellows of M.phil and Ph. D. Programmers / _cM. Zainul Abedin |
||
| 260 |
_aDhaka : _bBook Syndicate ; _c1996 |
||
| 300 |
_a128 p. ; _c24 cm. |
||
| 504 | _aIncludes biographical references | ||
| 650 |
_aEducation _vHandbooks, manuals, etc _xResearch _9115981 |
||
| 942 |
_2ddc _cBK |
||
| 999 |
_c37704 _d37704 |
||